Vzdálená Evropa? = Fernes Europa? / Josef Beránek, Anton Otte ; překlad: Margareta Klieber, Barbara Krause, Michaela Smolek, Marie Smolková
Record details
- ISBN: 978-80-7429-761-8
- ISBN: 978-3-924019-15-0
- Physical Description: 371 stran : ilustrace, portréty ; 21 cm
- Edition: Vydání první
- Publisher: V Praze : Vyšehrad, 2018
Content descriptions
| General Note: | Vydáno ve spolupráci s Českou křesťanskou akademií a Ackermann-Gemeinde |
| Bibliography, etc. Note: | Obsahuje bibliografii |
| Language Note: | Souběžný německý text |
Search for related items by subject
| Genre: | rozhovory dvojjazyčná vydání |
Search for related items by series
Available copies
- 1 of 1 copy available at Common Catalog SPOK.
Holds
- 0 current holds with 1 total copy.
Show Only Available Copies
| Location | Call Number / Copy Notes | Barcode | Shelving Location | Status | Due Date |
|---|---|---|---|---|---|
| Jabok Library | VO-1.2.1/O
Pořízeno z projektu Škola jako místo, kde se vzdělává a žije: CZ.07.4.68/0.0/0.0/16_037/0000325
|
424480041814 | Odborná literatura | Available | - |
| LDR | 02996nam a2200793 i 4500 | ||
|---|---|---|---|
| 001 | 31149 | ||
| 003 | CZ-PrJAB | ||
| 005 | 20190305145218.0 | ||
| 007 | ta | ||
| 008 | 190215s2018 xr ac e 000 1dcze | ||
| 015 | . | ‡acnb002977906 | |
| 020 | . | ‡a978-80-7429-761-8 ‡q(Vyšehrad ; ‡qvázáno) : ‡cKč 299,00 | |
| 020 | . | ‡a978-3-924019-15-0 ‡q(Ackermann-Gemeinde ; ‡qvázáno) | |
| 035 | . | ‡a(CZ PrNK)nkc20182977906 | |
| 040 | . | ‡aABA001 ‡bcze ‡erda | |
| 041 | 1 | . | ‡acze ‡ager ‡hcze ‡hger |
| 043 | . | ‡ae-xr--- | |
| 045 | . | ‡ax-y- | |
| 072 | 7. | ‡a27 ‡xKřesťanství. Křesťanská církev všeobecně. Eklesiologie ‡2Konspekt ‡95 | |
| 072 | 7. | ‡a929 ‡xBiografie ‡2Konspekt ‡98 | |
| 080 | . | ‡a272-722.53 ‡2MRF | |
| 080 | . | ‡a929 ‡2MRF | |
| 080 | . | ‡a(=162.3):(=112.2) ‡2MRF | |
| 080 | . | ‡a159.923.2:17.024.3 ‡2MRF | |
| 080 | . | ‡a930:17.024.3 ‡2MRF | |
| 080 | . | ‡a94(437.3+430) ‡2MRF | |
| 080 | . | ‡a27-4 ‡2MRF | |
| 080 | . | ‡a27-46 ‡2MRF | |
| 080 | . | ‡a27-662:3 ‡2MRF | |
| 080 | . | ‡a(437.3) ‡2MRF | |
| 080 | . | ‡a(047.53) ‡2MRF | |
| 080 | . | ‡a(0.027)=030 ‡2MRF | |
| 100 | 1 | . | ‡aBeránek, Josef, ‡d1968- ‡7xx0004182 ‡4aut |
| 245 | 1 | 0. | ‡aVzdálená Evropa? = ‡bFernes Europa? / ‡cJosef Beránek, Anton Otte ; překlad: Margareta Klieber, Barbara Krause, Michaela Smolek, Marie Smolková |
| 246 | 3 | 1. | ‡aFernes Europa? |
| 250 | . | ‡aVydání první | |
| 264 | 1. | ‡aV Praze : ‡bVyšehrad, ‡c2018 | |
| 300 | . | ‡a371 stran : ‡bilustrace, portréty ; ‡c21 cm | |
| 336 | . | ‡atext ‡btxt ‡2rdacontent | |
| 337 | . | ‡abez média ‡bn ‡2rdamedia | |
| 338 | . | ‡asvazek ‡bnc ‡2rdacarrier | |
| 490 | 1 | . | ‡aRozhovory |
| 500 | . | ‡aVydáno ve spolupráci s Českou křesťanskou akademií a Ackermann-Gemeinde | |
| 504 | . | ‡aObsahuje bibliografii | |
| 546 | . | ‡aSouběžný německý text | |
| 600 | 1 | 7. | ‡aOtte, Anton, ‡d1939- ‡7ola2007419131 ‡2czenas |
| 648 | 7. | ‡a20.-21. století ‡7ch462155 ‡2czenas | |
| 650 | 0 | 7. | ‡akatoličtí kněží ‡7ph114899 ‡zČesko ‡y20.-21. století ‡2czenas |
| 650 | 0 | 7. | ‡aČeši a Němci ‡7ph135237 ‡y20.-21. století ‡2czenas |
| 650 | 0 | 7. | ‡avyrovnání se s minulostí ‡7ph210129 ‡y20.-21. století ‡2czenas |
| 650 | 0 | 7. | ‡asudetoněmecká otázka ‡7ph126264 ‡2czenas |
| 650 | 0 | 7. | ‡akřesťanský život ‡7ph122132 ‡y20.-21. století ‡2czenas |
| 650 | 0 | 7. | ‡apastorace ‡7ph123988 ‡y20.-21. století ‡2czenas |
| 650 | 0 | 7. | ‡akřesťanství a společnost ‡7ph138510 ‡y20.-21. století ‡2czenas |
| 655 | 7. | ‡arozhovory ‡7fd133303 ‡2czenas | |
| 655 | 7. | ‡advojjazyčná vydání ‡7fd194533 ‡2czenas | |
| 700 | 1 | . | ‡aOtte, Anton, ‡d1939- ‡7ola2007419131 ‡4aut |
| 700 | 1 | . | ‡aKlieber, Margareta ‡4trl |
| 700 | 1 | . | ‡aKrause, Barbara ‡4trl |
| 700 | 1 | . | ‡aSmolek, Michaela ‡4trl |
| 700 | 1 | . | ‡aSmolková, Marie ‡4trl |
| 700 | 1 | 2. | ‡aBeránek, Josef, ‡d1968- ‡tVzdálená Evropa? |
| 700 | 1 | 2. | ‡aBeránek, Josef, ‡d1968- ‡tVzdálená Evropa?. ‡lNěmecky |
| 830 | 0. | ‡aRozhovory (Vyšehrad) | |
| 910 | . | ‡aABG312 | |
| 995 | . | ‡aska | |
| 901 | . | ‡a31149 ‡b ‡c31149 ‡tbiblio | |